MARC Record
Leader
003
BE-GnUNI
007
't'u
035
a| (MSK)314001060
245
0
3
a| Il Giornale dell'Arte.
546
a| Italiaans
500
a| Tijdschriften
852
4
b| MSK
c| MSK
j| II.IT.37
920
a| tijdschrift
001
000045186
005
20241224121706.0